MARC

LEADER 00000nam0a2200000 4500
001 308281
005 20231102002058.0
035 |a (RuTPU)RU\TPU\book\333590 
090 |a 308281 
100 |a 20151029d1981 m y0rusy50 ca 
101 0 |a rus 
102 |a RU 
105 |a a z 000zb 
200 1 |a В окружении Гитлера  |e документальная повесть  |e пер. с пол.  |f М. Подковиньский  |g пер. А. Ермонский 
210 |a Москва  |c Международные отношения  |d 1981 
215 |a 184 с.  |c ил. 
600 1 |a Гитлер  |g Адольф  |b А.  |c настоящая фамилия Шикльгрубер  |f 1889-1945  |c фюрер Национал-социалистической партии Германии  |c глава германского фашистского государства  |2 stltpush  |3 (RuTPU)RU\TPU\pers\956 
606 1 |a Германия  |x История  |z 1918-  |2 stltpush  |3 (RuTPU)RU\TPU\subj\67645  |9 83366 
610 1 |a фашизм 
610 1 |a фашистские режимы 
610 1 |a нацистские режимы 
610 1 |a нацисты 
610 1 |a 20 век 
610 1 |a история 
610 1 |a политические деятели 
686 |a Т3(4Гем)6  |v LBC/SL-A  |2 rubbk 
700 1 |a Подковиньский  |b М.  |g Мариан 
702 1 |a Ермонский  |b А.  |4 730 
801 1 |a RU  |b 63413507  |c 20151029 
801 2 |a RU  |b 63413507  |c 20180329  |g RCR 
942 |c BK